| 000 | 01729cam a2200241Ii 4500 | ||
|---|---|---|---|
| 999 |
_c4593 _d4593 |
||
| 001 | 1668700 | ||
| 003 | OCoLC | ||
| 005 | 20181210163146.0 | ||
| 008 | 751001s1975 tnua 000 0 eng d | ||
| 035 | _a(OCoLC)1668700 | ||
| 040 |
_aICU _cICU _dIXT _dNDD _dXBE |
||
| 050 | 4 |
_aBT121.2 _b.S85 |
|
| 082 | 0 | 4 |
_a231.3 _bS864H |
| 092 |
_a231.3 _bS8746 |
||
| 100 | 1 | _aStokes, Mack B. | |
| 245 | 1 | 4 |
_aThe Holy Spirit and Christian experience / _cby Mack B. Stokes. |
| 260 |
_aNashville : _bGraded Press, _c1975. |
||
| 300 |
_a176 p. : _bill. ; _c21 cm. |
||
| 504 | _aBibliography: p. 173-176. | ||
| 505 | 0 | _aIntroduction -- The trinity: the Christian understanding of God -- The biblical teaching -- [Ch.1] Foundations in the Old Testament -- [Ch.2] The Holy Spirit in Matthew, Mark and Luke -- [Ch.3] Major sources in the New Testament -- The Holy Spirit and the church -- [Ch.4] The Holy Spirit and the historic community of faith -- The Holy Spirit and the Wesleyan heritage -- The Holy Spirit and personal salvation -- [Ch.6] The Holy Spirit and the human spirit -- [Ch.7] The Holy Spirit and the new birth -- [Ch.8] The witness of the Spirit -- [Ch.9] The creative power of the Spirit -- The Holy Spirit and the Christian life -- [Ch.10] The Holy Spirit and Christian habits -- [Ch.11] The Holy Spirit and the concern for souls -- [Ch.12] The Holy Spirit and responsible living in community -- [Ch.13] The Holy Spirit and ecumenical spirit -- The Holy Spirit and the charismatic movement -- [Ch.14] The Holy Spirit and speaking in tongues -- [Ch.15] The church's response to speaking in tongues -- [Ch.16] The Holy Spirit and divine healing, exorcism, psychic phenomena, and the occult. | |
| 650 | 0 | _aHoly Spirit. | |
| 942 |
_2ddc _cBK |
||